| 000 | 01031nam a2200289Ia 4500 | ||
|---|---|---|---|
| 001 | Para_9662 | ||
| 003 | CHAP | ||
| 008 | 220125s9999 xx 000 0 und d | ||
| 010 | _a208338 | ||
| 040 | _cCHAP | ||
| 090 | _aPA TESIS 2283 | ||
| 100 |
_aHernández, Alejandro Francisco _9174660 |
||
| 245 |
_aEfectividad biológica de thiacloprid sobre el termes subterraneo Reticulitermes coyoacanensis Méndez (Isoptera : _bRhinotermitidae) / _c Alejandro Francisco Hernández. |
||
| 260 |
_aChapingo, Méx. : _b el autor, 2009 |
||
| 300 | _a52 h. | ||
| 502 | _aTesis (Ing. Agr. Esp. en Parasitología Agrícola) -- UACh. Departamento Parasitología Agrícola | ||
| 650 |
_aInsecticidas _x analisis _958856 |
||
| 650 |
_aReticulitermes coyoacanensis Méndez _9174661 |
||
| 710 |
_aUACh. Departamento Parasitología Agrícola _9164025 |
||
| 901 | _aPA TESIS 2283 | ||
| 902 | _aM | ||
| 905 | _a500220 8000000000 00 | ||
| 910 | _a | ||
| 942 | _cPARA | ||
| 942 |
_cPARA _d2 |
||
| 999 |
_c208338 _d208338 |
||